Cholistan : (Record no. 331085)
[ view plain ]
| 000 -LEADER | |
|---|---|
| fixed length control field | 01096nam a2200277 a 4500 |
| 001 - CONTROL NUMBER | |
| control field | 4885201 |
| 003 - CONTROL NUMBER IDENTIFIER | |
| control field | NUST |
| 005 - DATE AND TIME OF LATEST TRANSACTION | |
| control field | 20170911121339.0 |
| 008 - FIXED-LENGTH DATA ELEMENTS--GENERAL INFORMATION | |
| fixed length control field | 921005s1991 pk a b 000 0 eng |
| 010 ## - LIBRARY OF CONGRESS CONTROL NUMBER | |
| LC control number | 92930392 |
| 040 ## - CATALOGING SOURCE | |
| Original cataloging agency | DLC |
| Transcribing agency | DLC |
| 043 ## - GEOGRAPHIC AREA CODE | |
| Geographic area code | a-pk--- |
| 050 00 - LIBRARY OF CONGRESS CALL NUMBER | |
| Classification number | DS392.C48 |
| Item number | A84 1991 |
| 082 ## - DEWEY DECIMAL CLASSIFICATION NUMBER | |
| Classification number | 954.916 |
| Author Mark | NAQ |
| 100 1# - MAIN ENTRY--PERSONAL NAME | |
| Personal name | Naqvi, Dursameen |
| 9 (RLIN) | 4527 |
| 245 10 - TITLE STATEMENT | |
| Title | Cholistan : |
| Remainder of title | tareekh kay aainy mein / |
| Statement of responsibility, etc. | by Dursameen Naqvi. |
| 260 ## - PUBLICATION, DISTRIBUTION, ETC. | |
| Place of publication, distribution, etc. | Multan: |
| Name of publisher, distributor, etc. | Sohni Dharti publishers |
| Date of publication, distribution, etc. | 2003 |
| 300 ## - PHYSICAL DESCRIPTION | |
| Extent | 232 p. : |
| Other physical details | ill. (chiefly col.) ; |
| Dimensions | 25 cm. |
| 504 ## - BIBLIOGRAPHY, ETC. NOTE | |
| Bibliography, etc. note | Includes bibliographical references |
| 520 ## - SUMMARY, ETC. | |
| Summary, etc. | On the history, archaeology and culture of Cholistan, a desert in Bahawalpur Division, Pakistan. |
| 651 #0 - SUBJECT ADDED ENTRY--GEOGRAPHIC NAME | |
| Geographic name | Cholistan Desert (Pakistan) |
| General subdivision | History. |
| 9 (RLIN) | 4528 |
| 651 #0 - SUBJECT ADDED ENTRY--GEOGRAPHIC NAME | |
| Geographic name | Cholistan Desert (Pakistan) |
| General subdivision | Antiquities. |
| 9 (RLIN) | 4529 |
| 880 ## - ALTERNATE GRAPHIC REPRESENTATION | |
| Linkage | 100-01\(3\r |
| Title | درثمین نقوی |
| 880 ## - ALTERNATE GRAPHIC REPRESENTATION | |
| Linkage | 245-02\(3\r |
| Title | چولستان: |
| b | تاریخ کے آئینے میں |
| c | درثمین نقوی |
| 880 ## - ALTERNATE GRAPHIC REPRESENTATION | |
| Linkage | 260-03\(3\r |
| Title | ملتان: |
| b | سوہنی دھرتی پبلشرز، |
| c | 2003 |
| 906 ## - LOCAL DATA ELEMENT F, LDF (RLIN) | |
| a | 7 |
| b | cbc |
| c | orignew |
| d | 3 |
| e | ncip |
| f | 19 |
| g | y-gencatlg |
| 942 ## - ADDED ENTRY ELEMENTS (KOHA) | |
| Source of classification or shelving scheme | |
| Koha item type | Book |
| Withdrawn status | Lost status | Source of classification or shelving scheme | Damaged status | Not for loan | Collection code | Permanent Location | Current Location | Shelving location | Date acquired | Total Checkouts | Full call number | Barcode | Date last seen | Copy number | Price effective from | Koha item type |
|---|---|---|---|---|---|---|---|---|---|---|---|---|---|---|---|---|
| Central Library (CL) | Central Library (CL) | Book Cart | 09/11/2017 | 954.916 NAQ | CL2784 | 09/11/2017 | 1 | 09/11/2017 | Book |
